| 000 | 00494nam a22001217a 4500 | ||
|---|---|---|---|
| 999 |
_c9731 _d9731 |
||
| 003 | OSt | ||
| 008 | 201203b ||||| |||| 00| 0 eng d | ||
| 245 | _aIndustrial Engineering Journal | ||
| 250 | _a2008(Aug Vol.1 No.2) 2009(Jan Vol.1 No.7, Apr Vol.1 No.10, Jul Vol.11 No.1, Dec Vol.11 No.6) 2010(Mar Vol.11 No.9, Apr Vol.11 No.10, May Vol.11 No.11, Jun Vol.11 No.12, Aug Vol.11 No.14) | ||
| 260 |
_aMumbai _bAdvertisement And Papers Articles |
||
| 650 | _aMechanical Engineering | ||
| 942 |
_2ddc _cBV |
||